| 000 | 01008nam a22002777i 4500 | ||
|---|---|---|---|
| 001 | BINCO | ||
| 003 | CO-MdBIC | ||
| 005 | 20240602171224.0 | ||
| 008 | 220408t2019 spaa|||| |||| 00| 0 spa d | ||
| 020 | _a8424131835 | ||
| 040 |
_a CO-MdBIC _bspa. _cCO-MdBIC _d CO-MdBIC |
||
| 041 | _aspa | ||
| 082 |
_223 _a860.8098 _bAL347 |
||
| 100 |
_aAlcántara, Ricardo, _d1946 |
||
| 245 |
_aUn viaje en tren _c/ Ricardo Alcántara ; ilustrado por Chiara Carrer |
||
| 250 | _asegunda edición | ||
| 260 | 1 |
_aEspaña : _bEverest _c[2019] |
|
| 264 | _c©2019 | ||
| 300 |
_a46 paginas _b; ilustraciones a color _c; 19 cm. |
||
| 490 | _aMontaña encantada | ||
| 501 | _aSeguramente nunca imaginaste qué es lo que podía suceder cuando un bebé pierde su chupete en un tren. En este viaje, ocurren las cosas más inesperadas y divertidas. ¿Quieres viajar tú también? | ||
| 650 | 7 |
_9100 _aEducación infantil |
|
| 690 | _aLiteratura uruguaya | ||
| 700 |
_aCarrer, Chiara, _d1958 _eilustrador |
||
| 942 | _cLGB | ||
| 999 |
_c67705 _d67705 |
||